Jon & Kate + 8 Quiz Stats

 Plays Quiz Retired Jul 7, 2021

Support Sporcle.
Go Orange.
Score 0/8 Timer 02:00
1 Play Today
Type Child % Correct
TwinsCara Nicole
90.4%
TwinsMadelyn 'Mady' Kate
80.9%
SextupletsJoel Kevin
80.9%
SextupletsHannah Joy
78.6%
SextupletsAlexis Faith
72.7%
SextupletsLeah Hope
67.6%
SextupletsCollin Thomas
67%
SextupletsAaden Jonathan
55.5%

From the Vault

Activists in Comic Books

by shorlin

History 2m
Imagine how powerful activists would be if they had comic-level super powers.
Remove Ads.
Support Sporcle.
Get the best of Sporcle when you Go Orange. This ad-free experience offers more features, more stats, and more fun while also helping to support Sporcle. Thank you for becoming a member.

Show Comments

Extras

Top Quizzes Today


Score Distribution

Your Account Isn't Verified!

In order to create a playlist on Sporcle, you need to verify the email address you used during registration. Go to your Sporcle Settings to finish the process.

Report this User

Report this user for behavior that violates our Community Guidelines.

Details: